000 nam a22 7a 4500
999 _c29916
_d29916
008 181012b xxu||||| |||| 00| 0 eng d
050 _aHD 82 .N58 2011
100 _aKariuki Njuguna Francis
245 _aFactors affecting implementation of the economic stimulus improvement projects in kenya.
_bA survey of selected projects in Nairobi/
260 _aKenya.
_c2011.
300 _axiii,46p. :
_bIll , ;
_c30cm.
521 _aExecutive masters.
650 _aeconomic stimulus
942 _2lcc
_cRESEARCH